Elementary differential equations with linear algebra (Record no. 12485)

MARC details
000 -LEADER
fixed length control field 00247nam a22001097a 4500
082 ## - DEWEY DECIMAL CLASSIFICATION NUMBER
Classification number 515.35RAB
100 ## - MAIN ENTRY--AUTHOR NAME
Personal name Rabonstin
245 ## - TITLE STATEMENT
Title Elementary differential equations with linear algebra
260 ## - PUBLICATION, DISTRIBUTION, ETC. (IMPRINT)
Name of publisher Academic
Year of publication 1975
300 ## - PHYSICAL DESCRIPTION
Number of Pages 374
942 ## - ADDED ENTRY ELEMENTS (KOHA)
Koha item type Books
Holdings
Withdrawn status Lost status Home library Current library Date acquired Full call number Accession Number Koha item type
    Central Library, QUEST, Nawabshah Stacks area 26/02/2015 515.35RAB 7805 Books